[Event "Vienna Husek op-A"]
[Site "Vienna"]
[Date "2012.08.14"]
[Round "2"]
[White "Kovalev, Andrei"]
[Black "Muellneritsch, Anton"]
[Result "1-0"]
[WhiteElo "2470"]
[BlackElo "2183"]
[PlyCount "58"]
[EventDate "2012.08.13"]
[EventType "swiss"]
[EventRounds "7"]
[EventCountry "AUT"]
[SourceTitle "CBM 149 Extra"]
[Source "ChessBase"]
[SourceDate "2012.08.24"]
[SourceVersion "1"]
[SourceVersionDate "2012.08.24"]
[SourceQuality "1"]

1. e4 e5 2. Nf3 Nc6 3. Bb5 Nge7 4. Nc3 g6 5. d4 exd4 6. Nd5 Nxd5 7. exd5 Qe7+ 8. Kf1 Qc5 9. Qe2+ Ne7 10. Bg5 Bg7 11. Re1 f6 12. Bf4 0-0 13. Qc4 Qxc4+ 14. Bxc4 b5 15. Bb3 Nf5 16. Bxc7 Ba6 17. g4 Nh6 18. h3 Rae8 19. Kg2 Kh8 20. Bd6 Rxe1 21. Rxe1 Rc8 22. Re7 d3 23. cxd3 b4 24. Rxd7 Bxd3 25. Bxb4 f5 26. g5 Ng8 27. d6 Bxb2 28. Rxa7 Bb5 29. Ba5 Ra8 1-0

[Event "AUT-chT2M 0506"]
[Site "Austria"]
[Date "2005.10.08"]
[Round "1.5"]
[White "Muellneritsch, Anton"]
[Black "Aschenbrenner, Robert"]
[Result "0-1"]
[WhiteElo "2199"]
[BlackElo "2252"]
[PlyCount "56"]
[EventDate "2005.10.08"]
[EventType "team"]
[EventRounds "11"]
[EventCountry "AUT"]
[SourceTitle "EXT 2006"]
[Source "ChessBase"]
[SourceDate "2005.11.24"]
[SourceVersion "1"]
[SourceVersionDate "2005.11.24"]
[SourceQuality "1"]
[WhiteTeam "Feffernitz"]
[BlackTeam "Graz Austria"]
[WhiteTeamCountry "AUT"]
[BlackTeamCountry "AUT"]

1. e4 c5 2. Nf3 e6 3. d4 cxd4 4. Nxd4 Bc5 5. Nb3 Bb6 6. Nc3 Ne7 7. a4 Nbc6 8. Bg5 0-0 9. Be2 f5 10. 0-0 fxe4 11. Nxe4 d5 12. Ng3 h6 13. Bd2 Ng6 14. a5 Bc7 15. Ra4 e5 16. Bg4 Nf4 17. Bxc8 Rxc8 18. Nc5 b6 19. axb6 Bxb6 20. Nb3 Qd7 21. Ra3 Kh8 22. Nh5 Qf5 23. Ng3 Qg6 24. Nc1 Nd4 25. c3 Nf5 26. Bxf4 exf4 27. Qh5 Bxf2+ 28. Kh1 Nxg3+ 0-1

[Event "Faaker See op 19th"]
[Site "Faaker See"]
[Date "2003.08.12"]
[Round "5"]
[White "Mozes, Ervin"]
[Black "Muellneritsch, Anton"]
[Result "1-0"]
[WhiteElo "2330"]
[BlackElo "2216"]
[PlyCount "68"]
[EventDate "2003.08.09"]
[EventType "swiss"]
[EventRounds "9"]
[EventCountry "AUT"]
[SourceTitle "CBM 095 Extra"]
[Source "ChessBase"]
[SourceDate "2003.09.04"]
[SourceVersion "1"]
[SourceVersionDate "2003.09.04"]
[SourceQuality "1"]

1. d4 d5 2. Nf3 Nc6 3. Bf4 Nf6 4. e3 Bg4 5. h3 Bxf3 6. Qxf3 g6 7. Nc3 a6 8. Bg5 Bg7 9. Bxf6 exf6 10. Nxd5 0-0 11. Bd3 Re8 12. 0-0 f5 13. c3 Qd6 14. b4 Nd8 15. Nf4 c6 16. Bc4 Bh6 17. Nd3 Re7 18. Bb3 a5 19. a3 a4 20. Ba2 Ne6 21. Bxe6 Qxe6 22. Rfc1 Qc4 23. Qd1 Rae8 24. Nb2 Qe6 25. Nxa4 f4 26. Nc5 Qc8 27. exf4 Bxf4 28. Rc2 Qf5 29. Nd3 Bc7 30. Qf3 Qe6 31. Rac1 Qb3 32. c4 Qa4 33. g3 Qa7 34. d5 Qb8 1-0

[Event "Faaker See op 19th"]
[Site "Faaker See"]
[Date "2003.08.11"]
[Round "4"]
[White "Muellneritsch, Anton"]
[Black "Butunoi, Alexandru Victor"]
[Result "1-0"]
[WhiteElo "2216"]
[BlackElo "2412"]
[PlyCount "81"]
[EventDate "2003.08.09"]
[EventType "swiss"]
[EventRounds "9"]
[EventCountry "AUT"]
[SourceTitle "CBM 095 Extra"]
[Source "ChessBase"]
[SourceDate "2003.09.04"]
[SourceVersion "1"]
[SourceVersionDate "2003.09.04"]
[SourceQuality "1"]

1. e4 c5 2. Nf3 d6 3. d4 cxd4 4. Nxd4 Nf6 5. Nc3 a6 6. f3 e6 7. Be3 Nbd7 8. g4 h6 9. Qd2 b5 10. h4 Bb7 11. Rg1 g6 12. g5 hxg5 13. hxg5 Nh5 14. a3 Nb6 15. 0-0-0 e5 16. Ndxb5 axb5 17. Bxb5+ Nd7 18. Na4 Bc8 19. Bb6 Qe7 20. Bc7 Ra7 21. Qc3 Rxc7 22. Qxc7 Qd8 23. Qc6 Be7 24. Nb6 Bxg5+ 25. Kb1 0-0 26. Nxd7 Bxd7 27. Qxd7 Be3 28. Qxd8 Rxd8 29. Rge1 Bg5 30. Bc4 Kg7 31. Rd5 Nf4 32. Rb5 Bh4 33. Rh1 Bf2 34. Rd1 f5 35. exf5 e4 36. fxe4 g5 37. e5 g4 38. Rb7+ Kf8 39. e6 Re8 40. Rh1 Bd4 41. Rh4 1-0

[Event "Oberwart op 25th"]
[Site "Oberwart"]
[Date "2003.07.12"]
[Round "8"]
[White "Lehner, Oliver"]
[Black "Muellneritsch, Anton"]
[Result "1-0"]
[WhiteElo "2391"]
[BlackElo "2216"]
[PlyCount "81"]
[EventDate "2003.07.05"]
[EventType "swiss"]
[EventRounds "9"]
[EventCountry "AUT"]
[SourceTitle "CBM 095 Extra"]
[Source "ChessBase"]
[SourceDate "2003.09.04"]
[SourceVersion "1"]
[SourceVersionDate "2003.09.04"]
[SourceQuality "1"]

1. d4 c5 2. d5 e5 3. e4 d6 4. Nc3 Be7 5. Nf3 Bg4 6. h3 Bxf3 7. Qxf3 a6 8. Nd1 Bg5 9. Bxg5 Qxg5 10. Ne3 Nh6 11. h4 Qf6 12. Qxf6 gxf6 13. g4 Kd7 14. 0-0-0 Kc7 15. Be2 Rf8 16. g5 Ng8 17. Bg4 Ne7 18. Rdf1 Nd7 19. Bxd7 Kxd7 20. Ng4 f5 21. Nf6+ Kc7 22. Nxh7 Rh8 23. Nf6 fxe4 24. h5 Raf8 25. Kd2 Nf5 26. Nxe4 Ng7 27. Nf6 Kd8 28. Ke3 Ke7 29. Ke4 Ne8 30. Nxe8 Kxe8 31. f4 exf4 32. Kxf4 Kd7 33. Re1 Re8 34. Rxe8 Kxe8 35. Kf5 Ke7 36. h6 Kf8 37. Kf6 Rg8 38. h7 Rh8 39. g6 fxg6 40. Kxg6 b5 41. Re1 1-0

[Event "Oberwart op 25th"]
[Site "Oberwart"]
[Date "2003.07.10"]
[Round "6"]
[White "Schweda, Roland"]
[Black "Muellneritsch, Anton"]
[Result "1-0"]
[WhiteElo "2381"]
[BlackElo "2216"]
[PlyCount "169"]
[EventDate "2003.07.05"]
[EventType "swiss"]
[EventRounds "9"]
[EventCountry "AUT"]
[SourceTitle "CBM 095 Extra"]
[Source "ChessBase"]
[SourceDate "2003.09.04"]
[SourceVersion "1"]
[SourceVersionDate "2003.09.04"]
[SourceQuality "1"]

1. d4 d5 2. c4 Nc6 3. Nf3 Bg4 4. Nc3 dxc4 5. d5 Bxf3 6. gxf3 Na5 7. e4 e6 8. Qa4+ c6 9. dxc6 Nxc6 10. Be3 Qa5 11. Bxc4 Qxa4 12. Nxa4 a6 13. Nc5 Bxc5 14. Bxc5 Nf6 15. 0-0 Nd7 16. Bd6 Nde5 17. Be2 Nd4 18. Bxe5 Nxe2+ 19. Kg2 f6 20. Bd6 e5 21. Rfd1 Kf7 22. Kf1 Nf4 23. Bc7 Rhe8 24. Rac1 Ne6 25. Bb6 Re7 26. Rd6 Ke8 27. Ke1 Nd8 28. Ke2 Re6 29. Rxd8+ Rxd8 30. Bxd8 Kxd8 31. Ke3 g5 32. h4 h6 33. hxg5 fxg5 34. Rc5 Kd7 35. b3 Re7 36. Rd5+ Ke6 37. Rd8 h5 38. Rh8 h4 39. Rh6+ Kf7 40. Ke2 Kg7 41. Rb6 h3 42. Kf1 Rf7 43. Kg1 Rxf3 44. Rxb7+ Kf8 45. Rh7 g4 46. Rh5 Kf7 47. Rxe5 h2+ 48. Kxh2 Rxf2+ 49. Kg3 Rxa2 50. Kxg4 Rg2+ 51. Kf4 Rf2+ 52. Kg3 Rb2 53. Rf5+ Ke6 54. Rf3 Ke5 55. Re3 Rd2 56. Kf3 Rh2 57. Rd3 Rh3+ 58. Ke2 Rh6 59. Ke3 Rh3+ 60. Kd2 Rh6 61. Kc3 Kxe4 62. Rd8 a5 63. Kc4 Ke3 64. Kb5 Rh5+ 65. Ka4 Ke4 66. Ra8 Kd4 67. Rxa5 Rh1 68. Kb4 Rb1 69. Rh5 Rb2 70. Ka3 Rg2 71. Ka4 Rg8 72. b4 Kc4 73. Rc5+ Kd4 74. Rc6 Kd5 75. b5 Ra8+ 76. Kb4 Ra1 77. Rc2 Kd6 78. b6 Kd7 79. Kb5 Kd8 80. b7 Rb1+ 81. Kc6 Rb3 82. Rc5 Rb1 83. Rd5+ Ke7 84. Rb5 Rc1+ 85. Kb6 1-0

[Event "Oberwart op 25th"]
[Site "Oberwart"]
[Date "2003.07.09"]
[Round "5"]
[White "Muellneritsch, Anton"]
[Black "Tibensky, Robert"]
[Result "1/2-1/2"]
[WhiteElo "2216"]
[BlackElo "2401"]
[PlyCount "66"]
[EventDate "2003.07.05"]
[EventType "swiss"]
[EventRounds "9"]
[EventCountry "AUT"]
[SourceTitle "CBM 095 Extra"]
[Source "ChessBase"]
[SourceDate "2003.09.04"]
[SourceVersion "1"]
[SourceVersionDate "2003.09.04"]
[SourceQuality "1"]

1. e4 g6 2. d4 Bg7 3. Nf3 d6 4. Nc3 Nf6 5. Bg5 c6 6. Qd2 b5 7. Bd3 h6 8. Bf4 Bg4 9. h3 Bxf3 10. gxf3 Nh5 11. Be3 e5 12. Ne2 Nd7 13. 0-0-0 Qf6 14. Qc3 0-0 15. Qxc6 exd4 16. Bxd4 Ne5 17. Qd5 Qxf3 18. Be3 Nf6 19. Qb3 Nxd3+ 20. Qxd3 Qxe4 21. Qxd6 b4 22. Qd3 Qe6 23. Qb3 Qe7 24. Nf4 Kh7 25. Nd5 Nxd5 26. Rxd5 Rfd8 27. Rhd1 Rxd5 28. Qxd5 Rb8 29. Qd6 Qb7 30. Qd5 Qe7 31. Qd6 Qb7 32. Qd5 Qe7 33. Qd6 Qb7 1/2-1/2

[Event "AUT-chT2S 0102"]
[Site "Austria"]
[Date "2002.02.24"]
[Round "8.3"]
[White "Frosch, Ronald"]
[Black "Muellneritsch, Anton"]
[Result "1/2-1/2"]
[WhiteElo "2167"]
[BlackElo "2221"]
[PlyCount "109"]
[EventDate "2001.11.10"]
[EventType "team"]
[EventRounds "11"]
[EventCountry "AUT"]
[SourceTitle "EXT 2003"]
[Source "ChessBase"]
[SourceDate "2002.11.25"]
[SourceVersion "1"]
[SourceVersionDate "2002.11.25"]
[SourceQuality "1"]

1. d4 d5 2. Nf3 Nc6 3. e3 Bg4 4. Be2 e6 5. b3 Nf6 6. Bb2 Ne4 7. 0-0 Bd6 8. Nbd2 Nxd2 9. Qxd2 0-0 10. h3 Bh5 11. c4 a5 12. Bc3 Re8 13. Rfd1 Qf6 14. a3 b6 15. c5 Bxf3 16. Bxf3 bxc5 17. dxc5 Be5 18. Bxe5 Nxe5 19. Be2 Reb8 20. Rab1 c6 21. b4 axb4 22. axb4 Nd7 23. Rdc1 Rc8 24. Qc3 Ra2 25. Qxf6 gxf6 26. Kf1 Kf8 27. f4 Ke7 28. Bd3 h6 29. Rc2 Rca8 30. Rbb2 Rxb2 31. Rxb2 f5 32. Ke2 Rg8 33. Kd1 Rg3 34. Re2 Rg8 35. Kc2 Ra8 36. Kb3 Kd8 37. Ra2 Rxa2 38. Kxa2 Kc7 39. Kb3 Nf6 40. Kc3 Nd7 41. Be2 Nf6 42. Bf3 Kd8 43. Kd4 Ke7 44. g4 fxg4 45. hxg4 Ne8 46. e4 Nc7 47. e5 Nb5+ 48. Kd3 f6 49. Bd1 fxe5 50. fxe5 Kd7 51. Ba4 Kc7 52. Bxb5 cxb5 53. Ke3 Kd7 54. Kf4 Kc6 55. Ke3 1/2-1/2

[Event "Feffernitz Raika op 10th"]
[Site "Feffernitz"]
[Date "2001.08.20"]
[Round "3"]
[White "Muellneritsch, Anton"]
[Black "Mazi, Leon"]
[Result "0-1"]
[WhiteElo "2221"]
[BlackElo "2381"]
[PlyCount "66"]
[EventDate "2001.08.19"]
[EventType "swiss"]
[EventRounds "9"]
[EventCountry "AUT"]
[SourceTitle "EXT 2002"]
[Source "ChessBase"]
[SourceDate "2001.11.25"]
[SourceVersion "1"]
[SourceVersionDate "2001.11.25"]
[SourceQuality "1"]

1. e4 Nf6 2. Nc3 d5 3. e5 Nfd7 4. Nxd5 Nxe5 5. Ne3 c5 6. Nf3 Nxf3+ 7. Qxf3 Nc6 8. Bc4 e6 9. Qg3 h5 10. h4 Qd6 11. Rh3 Bd7 12. a4 a6 13. Qg5 g6 14. Qf6 Rg8 15. Be2 Nd4 16. Nc4 Qc7 17. Bd3 Bc6 18. Kf1 b5 19. axb5 axb5 20. Rxa8+ Bxa8 21. Qe5 Qd8 22. Na3 Bd6 23. Qe3 Bc6 24. Be4 Bd7 25. b3 Qc7 26. Bb2 Bf4 27. Qd3 Qa5 28. Ke1 f5 29. Bf3 Ke7 30. b4 Qxb4 31. Bxd4 cxd4 32. Bd1 Ra8 33. Rf3 Bd6 0-1

[Event "Feffernitz Raika op 09th"]
[Site "Feffernitz"]
[Date "2000.08.25"]
[Round "6"]
[White "Piber, Vincencij"]
[Black "Muellneritsch, Anton"]
[Result "0-1"]
[WhiteElo "2020"]
[BlackElo "2203"]
[PlyCount "66"]
[EventDate "2000.08.??"]
[EventType "swiss"]
[EventRounds "9"]
[EventCountry "AUT"]
[SourceTitle "EXT 2001"]
[Source "ChessBase"]
[SourceDate "2000.11.22"]
[SourceVersion "1"]
[SourceVersionDate "2000.11.22"]
[SourceQuality "1"]

1. e4 d5 2. exd5 Nf6 3. d4 Nxd5 4. c4 Nb6 5. Nc3 g6 6. c5 Nd5 7. Bc4 c6 8. Qb3 Bg7 9. Nf3 0-0 10. Nxd5 cxd5 11. Bxd5 Nc6 12. Bxc6 bxc6 13. 0-0 Be6 14. Qc3 Bd5 15. Rd1 Qc8 16. Bg5 f6 17. Bf4 Qf5 18. Qe3 e5 19. Bg3 Rae8 20. Nh4 Qh5 21. Nf3 Bh6 22. Qc3 e4 23. Ne1 f5 24. Bd6 Rf7 25. Be5 f4 26. f3 e3 27. b4 Rf5 28. a4 Qh4 29. Nd3 Rh5 30. h3 Bxf3 31. gxf3 Qg3+ 32. Kf1 Qxf3+ 33. Ke1 Rxh3 0-1

[Event "Feffernitz Raika op 08th"]
[Site "Feffernitz"]
[Date "1999.08.19"]
[Round "5.13"]
[White "Muellneritsch, Anton"]
[Black "Arztmann, Wolfgang"]
[Result "1-0"]
[WhiteElo "2184"]
[BlackElo "1987"]
[PlyCount "55"]
[EventDate "1999.08.??"]
[EventType "swiss"]
[EventRounds "9"]
[EventCountry "AUT"]
[SourceTitle "EXT 2004"]
[Source "ChessBase"]
[SourceDate "2003.11.25"]
[SourceVersion "1"]
[SourceVersionDate "2003.11.25"]
[SourceQuality "1"]

1. d4 e6 2. Nc3 d5 3. e4 Nf6 4. Bg5 Bb4 5. e5 h6 6. Bd2 Bxc3 7. Bxc3 Ne4 8. Bb4 c5 9. Bxc5 Nxc5 10. dxc5 Nd7 11. Qd4 Qa5+ 12. b4 Qc7 13. Nf3 0-0 14. Bd3 a5 15. a3 Nb8 16. 0-0 Nc6 17. Qb2 d4 18. c3 Nxe5 19. Nxe5 Qxe5 20. cxd4 Qd5 21. Be2 Rd8 22. Rfd1 axb4 23. axb4 Rxa1 24. Rxa1 Qxd4 25. Qxd4 Rxd4 26. Ra8 Rd8 27. Bf3 Rf8 28. Rb8 1-0

[Event "Feffernitz Raika op 08th"]
[Site "Feffernitz"]
[Date "1999.08.18"]
[Round "4.17"]
[White "Muellneritsch, Anton"]
[Black "Wernbacher, Siegfried"]
[Result "1-0"]
[WhiteElo "2184"]
[BlackElo "1769"]
[PlyCount "105"]
[EventDate "1999.08.??"]
[EventType "swiss"]
[EventRounds "9"]
[EventCountry "AUT"]
[SourceTitle "EXT 2004"]
[Source "ChessBase"]
[SourceDate "2003.11.25"]
[SourceVersion "1"]
[SourceVersionDate "2003.11.25"]
[SourceQuality "1"]

1. e4 e5 2. Nf3 Nc6 3. Bc4 d6 4. Nc3 Bg4 5. h3 Bh5 6. d3 h6 7. Be3 Nf6 8. g4 Bg6 9. Qe2 Be7 10. 0-0-0 Nd7 11. d4 exd4 12. Nxd4 Bf6 13. Kb1 Nxd4 14. Bxd4 Bxd4 15. Rxd4 0-0 16. f4 Nb6 17. e5 Qe7 18. exd6 Qxe2 19. Bxe2 c6 20. f5 Bh7 21. a4 Rad8 22. a5 Nd7 23. Rhd1 Rfe8 24. Re4 Rxe4 25. Nxe4 Kf8 26. b4 b6 27. axb6 axb6 28. Kb2 Bg8 29. Ra1 f6 30. c4 Bf7 31. Kc3 Rc8 32. Ra7 Ke8 33. Nf2 Kd8 34. Nd3 g5 35. fxg6 Bxg6 36. Nf4 Bf7 37. Bd3 c5 38. Bf5 cxb4+ 39. Kb2 Ne5 40. Bxc8 Kxc8 41. Rc7+ Kd8 42. Kb3 Bxc4+ 43. Ka4 Ba2 44. Kb5 Nf7 45. Kc6 b5 46. Ra7 Ne5+ 47. Kxb5 Bb3 48. Nh5 Be6 49. Nxf6 h5 50. gxh5 Bxh3 51. h6 Bc8 52. h7 Nf7 53. Rxf7 1-0

[Event "Feffernitz Raika op 07th"]
[Site "Feffernitz"]
[Date "1998.08.20"]
[Round "?"]
[White "Muellneritsch, Anton"]
[Black "Achleitner, Robert"]
[Result "1-0"]
[WhiteElo "2185"]
[BlackElo "2115"]
[PlyCount "79"]
[EventDate "1998.08.??"]
[EventType "swiss"]
[EventRounds "9"]
[EventCountry "AUT"]
[SourceTitle "EXT 2004"]
[Source "ChessBase"]
[SourceDate "2003.11.25"]
[SourceVersion "1"]
[SourceVersionDate "2003.11.25"]
[SourceQuality "1"]

1. e4 d5 2. exd5 Nf6 3. Bb5+ Nbd7 4. c4 a6 5. Ba4 g6 6. Nc3 Bg7 7. Nf3 0-0 8. 0-0 Nc5 9. Bc2 b5 10. d4 Nb7 11. cxb5 axb5 12. Nxb5 Nxd5 13. Bb3 c6 14. Bxd5 cxd5 15. Bf4 Qb6 16. a4 Nd6 17. Nxd6 exd6 18. Qd2 Bg4 19. a5 Qd8 20. b4 Bxf3 21. gxf3 Qd7 22. Rab1 Rfb8 23. Rfc1 Bf8 24. Qd3 h5 25. Kg2 Kg7 26. Bd2 h4 27. h3 Be7 28. b5 Bd8 29. b6 Rb7 30. Rb5 Rc8 31. Rxc8 Qxc8 32. Qb3 Qc4 33. a6 Qxb3 34. Rxb3 Rxb6 35. a7 Ra6 36. Rb8 Bb6 37. a8Q Rxa8 38. Rxa8 Bxd4 39. Rd8 Bc5 40. Bf4 1-0

[Event "Finkenstein op"]
[Site "Finkenstein"]
[Date "1998.??.??"]
[Round "?"]
[White "Szenetra, Werner"]
[Black "Muellneritsch, Anton"]
[Result "1-0"]
[WhiteElo "2230"]
[BlackElo "2225"]
[PlyCount "81"]
[EventDate "1998.??.??"]
[EventType "swiss"]
[EventRounds "9"]
[EventCountry "AUT"]
[SourceTitle "EXT 2002"]
[Source "ChessBase"]
[SourceDate "2001.11.25"]
[SourceVersion "1"]
[SourceVersionDate "2001.11.25"]
[SourceQuality "1"]

1. d4 c5 2. d5 e5 3. e4 d6 4. Bd3 Be7 5. Nf3 Bg4 6. Nbd2 Nd7 7. a4 Rc8 8. h3 Bxf3 9. Qxf3 Ngf6 10. 0-0 0-0 11. Qe2 Ne8 12. Nc4 Bg5 13. Ne3 g6 14. Ra3 Ng7 15. a5 Nf6 16. Rb3 Ngh5 17. c4 Ne8 18. Kh2 Neg7 19. Bd2 Kh8 20. g3 Qe8 21. Ng2 f5 22. exf5 Bxd2 23. Qxd2 gxf5 24. f4 Qg6 25. Be2 Rc7 26. Bxh5 Qxh5 27. Re3 e4 28. b4 cxb4 29. Qxb4 Qh6 30. Rc1 Rfc8 31. Rec3 Ne8 32. c5 Qf6 33. c6 bxc6 34. Rxc6 Rxc6 35. Rxc6 Qd8 36. Qc3+ Kg8 37. Rxc8 Qe7 38. Qc6 Kf7 39. Qxe8+ Qxe8 40. Rxe8 Kxe8 41. Ne3 1-0

[Event "Feffernitz Raika op 06th"]
[Site "Feffernitz"]
[Date "1997.08.23"]
[Round "?"]
[White "Muellneritsch, Anton"]
[Black "Arztmann, Wolfgang"]
[Result "1-0"]
[WhiteElo "2250"]
[BlackElo "2020"]
[PlyCount "49"]
[EventDate "1997.08.??"]
[EventType "swiss"]
[EventRounds "9"]
[EventCountry "AUT"]
[SourceTitle "EXT 2004"]
[Source "ChessBase"]
[SourceDate "2003.11.25"]
[SourceVersion "1"]
[SourceVersionDate "2003.11.25"]
[SourceQuality "1"]

1. e4 e6 2. d4 d5 3. Nc3 Bb4 4. a3 Bxc3+ 5. bxc3 dxe4 6. f3 c5 7. Rb1 a6 8. Nh3 Nc6 9. fxe4 cxd4 10. cxd4 Qxd4 11. Bd3 Nf6 12. Qe2 e5 13. Be3 Qc3+ 14. Bd2 Qc5 15. Nf2 0-0 16. 0-0 b5 17. Kh1 Be6 18. Nh3 Bg4 19. Qe1 Bxh3 20. Qg3 Bxg2+ 21. Qxg2 Nh5 22. Rf5 f6 23. Rxh5 Qxa3 24. Rg1 Ra7 25. Qh3 1-0

[Event "Feffernitz Raika op 06th"]
[Site "Feffernitz"]
[Date "1997.08.22"]
[Round "?"]
[White "Womacka, Mathias"]
[Black "Muellneritsch, Anton"]
[Result "1-0"]
[WhiteElo "2370"]
[BlackElo "2250"]
[PlyCount "79"]
[EventDate "1997.08.??"]
[EventType "swiss"]
[EventRounds "9"]
[EventCountry "AUT"]
[SourceTitle "EXT 2004"]
[Source "ChessBase"]
[SourceDate "2003.11.25"]
[SourceVersion "1"]
[SourceVersionDate "2003.11.25"]
[SourceQuality "1"]

1. e4 c5 2. Nf3 d6 3. d4 cxd4 4. Nxd4 Nf6 5. Nc3 Nc6 6. Be2 g6 7. Nb3 Bg7 8. 0-0 0-0 9. Re1 Be6 10. Bf1 Na5 11. Nd5 Re8 12. Bg5 Nxb3 13. axb3 Nxd5 14. exd5 Bd7 15. c3 a6 16. Qd2 Rc8 17. Re4 Bf5 18. Rb4 Rc7 19. Re1 Qc8 20. Rh4 Qd7 21. h3 Qd8 22. Ra4 Be5 23. b4 Qc8 24. Raa1 h5 25. b5 axb5 26. Bxb5 Bd7 27. Bf1 Bf5 28. Be3 Qd7 29. Bb6 Rcc8 30. Ra5 Ra8 31. Bb5 Qc8 32. Rxa8 Qxa8 33. Bxe8 Qxe8 34. Bd4 Bxd4 35. Qxd4 Qd7 36. Ra1 f6 37. Qa4 Qc7 38. Qe8+ Kg7 39. Ra8 Kh6 40. h4 1-0

[Event "Feffernitz Raika op 06th"]
[Site "Feffernitz"]
[Date "1997.08.21"]
[Round "?"]
[White "Muellneritsch, Anton"]
[Black "Neubauer, Herbert"]
[Result "1-0"]
[WhiteElo "2250"]
[BlackElo "1980"]
[PlyCount "61"]
[EventDate "1997.08.??"]
[EventType "swiss"]
[EventRounds "9"]
[EventCountry "AUT"]
[SourceTitle "EXT 2004"]
[Source "ChessBase"]
[SourceDate "2003.11.25"]
[SourceVersion "1"]
[SourceVersionDate "2003.11.25"]
[SourceQuality "1"]

1. e4 e5 2. Nf3 Nc6 3. d4 exd4 4. Nxd4 Bc5 5. Be3 Qf6 6. c3 Nge7 7. Qd2 d5 8. Nb5 Bxe3 9. Qxe3 0-0 10. Nxc7 Rb8 11. exd5 Qd6 12. Nb5 Qxd5 13. Nd2 Nf5 14. Qe4 Qxe4+ 15. Nxe4 Re8 16. f3 a6 17. Nc7 Re5 18. 0-0-0 Ne3 19. Rd3 Ng4 20. h3 f5 21. hxg4 fxe4 22. Rd6 exf3 23. Bc4+ Kf8 24. gxf3 Rc5 25. Bb3 Ne5 26. Ne6+ Bxe6 27. Rxe6 Nd3+ 28. Kc2 Nb4+ 29. Kb1 Nd5 30. Rxh7 Kf7 31. Rd6 1-0

[Event "Bled op 18th"]
[Site "Bled"]
[Date "1997.??.??"]
[Round "4"]
[White "Muellneritsch, Anton"]
[Black "Truta, Srecko"]
[Result "1/2-1/2"]
[WhiteElo "2285"]
[BlackElo "2200"]
[PlyCount "78"]
[EventDate "1997.03.15"]
[EventType "swiss"]
[EventRounds "9"]
[EventCountry "SLO"]
[SourceTitle "CBM 057 Extra"]
[Source "ChessBase"]
[SourceDate "1997.05.01"]
[SourceVersion "1"]
[SourceVersionDate "1997.05.01"]
[SourceQuality "1"]

1. e4 e5 2. Nf3 Nc6 3. Bc4 Nf6 4. Ng5 d5 5. exd5 Na5 6. Bb5+ c6 7. dxc6 bxc6 8. Be2 h6 9. Nf3 e4 10. Ne5 Bd6 11. d4 exd3 12. Nxd3 Qc7 13. h3 0-0 14. b3 Bf5 15. Bb2 Ne4 16. Nc3 Rad8 17. 0-0 Nb7 18. Nxe4 Bxe4 19. Kh1 Nc5 20. Qd2 Ne6 21. Qe3 Bg6 22. Be5 c5 23. Bxd6 Rxd6 24. c3 Rd5 25. Rad1 Rfd8 26. Nb2 Re5 27. Rxd8+ Nxd8 28. Qd2 Qe7 29. Bf3 Ne6 30. Nc4 Rg5 31. Rd1 Qf6 32. Nd6 Re5 33. Nc4 Rg5 34. Ne3 Bh5 35. Nd5 Qxf3 36. gxf3 Bxf3+ 37. Kh2 Rg2+ 38. Kh1 Rg5+ 39. Kh2 Rg2+ 1/2-1/2